Statistics for UK Prime Ministers' Deaths

Click here to take the quiz!

General Stats

  • This quiz has been taken 15 times
  • The average score is 4 of 26

Answer Stats

Cause of DeathPrime Minister% Correct
StrokeThomas Pelham-Holles | William Grenville | Robert Jenkinson | William Lamb | H. H. Asquith | Winston Churchill | Margaret Thatcher
85%
PneumoniaGeorge Canning | Clement Attlee | Harold Macmillan | James Callaghan
38%
AssassinationSpencer Percival
38%
DementiaMargaret Thatcher
31%
CancerWilliam Ewart Gladstone | David Lloyd George | Harold Wilson*
31%
Liver CancerAnthony Eden
15%
BronchitisBenjamin Disraeli
15%
Complications from a FallJohn Stuart | Robert Peel | Robert Gascoyne-Cecil
15%
Colon CancerNeville Chamberlain
15%
Heart FailureRamsay MacDonald | James Callaghan
15%
Bladder StoneRobert Walpole
15%
Unknown IllnessSpencer Compton | William Cavendish | Alec Douglas-Home
15%
UnknownAugustus FitzRoy | Frederick North | William Petty | Frederick John Robinson | Charles Grey | Edward Smith-Stanley | George Hamilton-Gordon | Archibald Primrose | Henry Campbell-Bannerman | Stanley Baldwin
8%
Throat CancerBonar Law
8%
Lung EmbolismEdward Heath
8%
Kidney FailureJames Callaghan
8%
Heart AttackWilliam Pitt the Elder
8%
Stomach UlcerWilliam Pitt the Younger
8%
Heart DiseaseArthur Balfour
0%
SeizureArthur Wellesley
0%
InfluenzaCharles Watson-Wentworth | Henry Addington
0%
MyelomaGeorge Grenville
0%
ChillHenry John Temple
0%
Skin InfectionHenry Pelham
0%
EmphysemaJohn Russell
0%
Kidney StoneWilliam Cavendish-Bentinck
0%

Score Distribution

Percentile by Number Answered

Percent of People with Each Score

Your Score History

You have not taken this quiz